Inequality and the Crisis: A Causal Inference Analysis (Record no. 8777)
[ view plain ]
| 000 -LEADER | |
|---|---|
| fixed length control field | 01742nam a22002777u 4500 |
| 001 - CONTROL NUMBER | |
| control field | pwiiw3173 |
| 003 - CONTROL NUMBER IDENTIFIER | |
| control field | OSt |
| 005 - DATE AND TIME OF LATEST TRANSACTION | |
| control field | 20260517120329.0 |
| 008 - FIXED-LENGTH DATA ELEMENTS--GENERAL INFORMATION | |
| fixed length control field | 130508t2013 au ||||| |||| 00| ||eng d |
| 040 ## - CATALOGING SOURCE | |
| Transcribing agency | OSt |
| 041 ## - LANGUAGE CODE | |
| Language code of text/sound track or separate title | eng |
| 084 ## - OTHER CLASSIFICATION NUMBER | |
| Classification number | C36 |
| -- | C82 |
| -- | D63 |
| -- | F43 |
| -- | H12 |
| -- | P36 |
| Number source | jelc |
| 100 1# - MAIN ENTRY--PERSONAL NAME | |
| Personal name | Holzner, Mario |
| 245 10 - TITLE STATEMENT | |
| Title | Inequality and the Crisis: A Causal Inference Analysis |
| 260 ## - PUBLICATION, DISTRIBUTION, ETC. | |
| Place of publication, distribution, etc. | Wien : |
| Name of publisher, distributor, etc. | Wiener Institut für Internationale Wirtschaftsvergleiche (wiiw), |
| Date of publication, distribution, etc. | 2013. |
| 490 1# - SERIES STATEMENT | |
| Series statement | wiiw Balkan Observatory Working Papers |
| Volume/sequential designation | 110 |
| 520 ## - SUMMARY, ETC. | |
| Summary, etc. | A new database for the calculation of quarterly income inequality measures was established for 11 economies from Central, East and Southeast Europe for the period of 1st quarter 2000 to 4th quarter 2011. Based on the large panel of the acquired quarterly Gini coefficients an ‘Acemoglu-style’ causal inference analysis on the impact of the global financial crisis on economic growth and income inequality in transition economies was performed. The results suggest that at least in the short and medium run the growth model of transition economies switched to an industrial, export-led growth model as foreign capital flows dried up. While in the private sector wage dispersion further continued to increase during the boom just as during the economic break-down, the public sector acted inequality reducing both in the period of plenty as well as in the age of austerity. |
| 650 ## - SUBJECT ADDED ENTRY--TOPICAL TERM | |
| Topical term or geographic name entry element | Income inequality |
| 650 ## - SUBJECT ADDED ENTRY--TOPICAL TERM | |
| Topical term or geographic name entry element | economic growth |
| 650 ## - SUBJECT ADDED ENTRY--TOPICAL TERM | |
| Topical term or geographic name entry element | transition economies |
| 650 ## - SUBJECT ADDED ENTRY--TOPICAL TERM | |
| Topical term or geographic name entry element | economic crisis |
| 651 ## - SUBJECT ADDED ENTRY--GEOGRAPHIC NAME | |
| Geographic name | Central, East and Southeast Europe |
| 830 #0 - SERIES ADDED ENTRY--UNIFORM TITLE | |
| Volume/sequential designation | 110 |
| Bibliographic record control number | WIIW0000140 |
| Title of a work | wiiw Balkan Observatory Working Papers |
| 856 40 - ELECTRONIC LOCATION AND ACCESS | |
| Uniform Resource Identifier | <a href="https://wiiw.ac.at/p-3173.html">https://wiiw.ac.at/p-3173.html</a> |
| 942 ## - ADDED ENTRY ELEMENTS (KOHA) | |
| Koha item type | Paper |
| Source of classification or shelving scheme | Other/Generic Classification Scheme |
| Withdrawn status | Lost status | Damaged status | Not for loan | Home library | Current library | Shelving location | Date acquired | Inventory number | Total Checkouts | Full call number | Barcode | Date last seen | Price effective from | Koha item type |
|---|---|---|---|---|---|---|---|---|---|---|---|---|---|---|
| WIIW | WIIW | Library | 05/08/2013 | pwiiw3173 | 110 | 1000010003173 | 05/08/2013 | 02/05/2019 | Paper |
